The Big Book of Design Ideas

Bibliographic Details
Main Author: Carter, David E.
Format: Book
Published: New York : Harper Collins Publishers , 2000
Subjects:

MARC

LEADER 00000cam a2200000 7i4500
001 0000012255
005 20050419.0
020 |a 068817896X 
040 |a INS 
090 0 0 |a NA7208   |b C283 2000 
100 1 |a Carter, David E. 
245 1 4 |a The Big Book of Design Ideas   |c David E. Carter 
260 |a New York :   |b Harper Collins Publishers ,   |c 2000 
300 |a 384p :   |b 28cm 
650 0 0 |a Commercial arts   |x graphic arts 
999 |a 0000011430   |b BOOK   |c Open Shelf   |e Default branch